[Event "ROM-chT2"]
[Site "Sovata"]
[Date "1997.??.??"]
[Round "?"]
[White "Ionescu, Cristian"]
[Black "Chirila, Radu Catalin"]
[Result "1/2-1/2"]
[WhiteElo "2270"]
[BlackElo "2290"]

1.d4 d5 2.c4 c6 3.Nf3 Nf6 4.Qc2 dxc4 5.e4 b5 6.b3 cxb3 7.axb3 g6 8.Bd2 Bb7
9.Ba5 Qc8 10.Nbd2 Bg7 11.Bd3 O-O 12.Rc1 Nbd7 13.O-O e5 14.d5 cxd5 15.Qb1 Qe8
16.Bxb5 dxe4 17.Ng5 Qe7 18.Ngxe4 Nxe4 19.Nxe4 Nf6 20.Rc7  1/2-1/2

[Event "SVK-chT1E 9798"]
[Site "SVK"]
[Date "1997.??.??"]
[Round "4"]
[White "Likavsky, Tomas"]
[Black "Zambor, Norbert"]
[Result "0-1"]
[WhiteElo "2280"]
[BlackElo "2235"]

1.d4 d5 2.c4 c6 3.Nf3 Nf6 4.Nbd2 g6 5.e3 Bg7 6.Bd3 O-O 7.O-O Bf5 8.Bxf5 gxf5
9.Qc2 Ne4 10.Ne1 e6 11.f3 Nxd2 12.Bxd2 f4 13.exf4 dxc4 14.Bc3 Bxd4+ 15.Kh1 Qf6
16.Bxd4 Qxd4 17.f5 Na6 18.fxe6 Nb4 19.Qe2 Rfe8 20.Rd1 Qc5 21.exf7+ Kxf7 22.Rd7+ Kg8
23.Qd2 Re7 24.f4 Nd5 25.Rxe7 Qxe7 26.Nc2 Rd8 27.g3 Qe4+ 28.Kg1 Qd3 29.Qf2 Re8
30.Nd4 Ne3 31.Nf3 Nxf1 32.Ne5 Rxe5 33.fxe5 Ne3 34.h3 Qd1+  0-1

[Event "Piatka op"]
[Site "Swidnica"]
[Date "1997.??.??"]
[Round "?"]
[White "Grabarczyk, Miroslaw"]
[Black "Dawidow, Jacek"]
[Result "1-0"]
[WhiteElo "2480"]
[BlackElo "2375"]

1.d4 c6 2.c4 d5 3.Nf3 Nf6 4.Nbd2 Bf5 5.g3 e6 6.Bg2 h6 7.O-O Be7 8.Ne5 O-O
9.b3 Ne4 10.Nxe4 dxe4 11.c5 b5 12.f3 f6 13.fxe4 fxe5 14.exf5 Qxd4+ 15.Qxd4 exd4
16.fxe6 Bxc5 17.Bd2 a5 18.Rac1 Rxf1+ 19.Kxf1 Ba3 20.Rc2 Ra6 21.Bf4 Rb6 22.Bc7 Rb7
23.Bxa5 Kf8 24.Bxc6 Ra7 25.Bxb5 Rxa5 26.Rc8+ Ke7 27.Rxb8 Kxe6 28.Rb7 g5 29.Kg2 h5
30.Be8 h4 31.Bb5 hxg3 32.hxg3 Kf6 33.Kf3 Ra8 34.Kg4 Bd6 35.a4 Ke5 36.Bd3 Ke6
37.Rb5 Be7 38.a5 Bd8 39.b4 Bc7 40.Rxg5 Rb8 41.a6 Rxb4 42.a7 Ra4 43.Rg6+  1-0

[Event "Nordic Grand Prix"]
[Site "Torshavn"]
[Date "1997.??.??"]
[Round "7"]
[White "Nilssen, John Arni"]
[Black "Thomsen, Torbjorn"]
[Result "1-0"]
[WhiteElo "2305"]
[BlackElo "2170"]

1.d4 d5 2.c4 c6 3.Nf3 Nf6 4.Qc2 e6 5.g3 Nbd7 6.Bg2 Bb4+ 7.Nbd2 O-O 8.O-O Re8
9.e4 Bxd2 10.Nxd2 dxe4 11.Nxe4 Nxe4 12.Qxe4 e5 13.d5 Nf6 14.Qh4 cxd5 15.cxd5 h6
16.Re1 Bf5 17.Qb4 Qd7 18.d6 e4 19.Be3 a5 20.Qc5 Rec8 21.Qa3 b5 22.Bc5 Nd5
23.Rac1 Nf6 24.Qe3 Qe6 25.a3 Nd7 26.b4 axb4 27.axb4 Re8 28.Ra1 Rxa1 29.Rxa1 Bh3
30.Ra7 Bxg2 31.Kxg2 f5 32.Qe2 Rb8 33.Qd2 Rf8 34.Be3 Rf6 35.h4 Qxd6 36.Rxd7 Qa6
37.Qd5+ Kh7 38.Bd4 Rg6 39.Qxf5 e3  1-0

[Event "JUG Cup"]
[Site "Ulcinj"]
[Date "1997.??.??"]
[Round "?"]
[White "Laketic, Gojko"]
[Black "Savanovic, Aleksandar"]
[Result "1/2-1/2"]
[WhiteElo "2435"]
[BlackElo "2415"]

1.d4 d5 2.c4 c6 3.Nf3 Nf6 4.Nbd2 e6 5.g3 Be7 6.Bg2 O-O 7.O-O Nbd7 8.b3 b6
9.Bb2 Bb7 10.Rc1 c5 11.e3 dxc4 12.Nxc4 b5 13.Nce5 Nxe5 14.Nxe5 Bxg2 15.Kxg2 Rc8
16.dxc5 Bxc5 17.b4 Bb6 18.Nc6 Qe8 19.Bxf6 Rxc6 20.Qg4 g6 21.Qg5 e5 22.Qxe5 Qxe5
23.Bxe5 Rfc8 24.Rxc6 Rxc6 25.Rd1 Kf8 26.Kf3 Ke7 27.Rd2 Ke6 28.Bb2 Rc4 29.a3 f5
30.h3 h5 31.h4 a5 32.bxa5 Bxa5 33.Rd1 Rc2 34.Bd4 Bc3 35.Bxc3 Rxc3 36.Rb1 Rxa3
37.Rxb5 Ra2 38.Rb6+ Kf7 39.Rc6 Rb2 40.Rd6 Ra2 41.Rc6 Rb2 42.Rc4 Kf6 43.Ra4 Rc2
44.Ra6+ Kf7 45.Kg2 Rb2 46.Rd6 Ra2 47.Kf1 Rb2 48.Ke1 Ra2 49.Rd2 Ra6 50.Ke2 Kf6
51.Kf3 Ra4 52.Rb2 Ra6 53.Rc2 Ra4 54.Rd2 Ra6 55.Kf4 Ra4+ 56.Rd4 Ra2 57.f3 Rf2
58.Rd1 Kf7 59.Rd6 Rf1 60.Rd2 Kf6 61.Re2 Kf7 62.e4 fxe4 63.Rxe4 Rg1 64.Ra4 Kf6
65.Ra7 Rb1 66.Ra6+ Kf7 67.Rc6 Rg1 68.Rd6 Rg2 69.Rd7+ Kf6 70.Rd6+ Kf7 71.Rd5 Kf6
72.Rd6+ Kf7  1/2-1/2

[Event "CHI-ch"]
[Site "Vina del Mar"]
[Date "1997.??.??"]
[Round "10"]
[White "Lobos, Miguel"]
[Black "Rojas, Luis"]
[Result "0-1"]
[WhiteElo "2075"]
[BlackElo "2385"]

1.d4 d5 2.Nf3 c6 3.c4 dxc4 4.e4 b5 5.Be3 Nf6 6.Qc2 e6 7.Be2 Bb7 8.Nbd2 Be7
9.O-O O-O 10.Rac1 Nbd7 11.b3 cxb3 12.Qxb3 a6 13.Rc2 Ng4 14.Bf4 c5 15.a4 b4
16.dxc5 Bxc5 17.h3 Ngf6 18.Bd3 Rc8 19.Rfc1 Qe7 20.Ne5 Nxe5 21.Bxe5 Nd7 22.Ba1 Rfd8
23.Nc4 Qg5 24.Nd2 Qf4 25.Rf1 Ne5 26.Nf3 Nxf3+  0-1

[Event "Zagreb"]
[Site "Zagreb"]
[Date "1997.??.??"]
[Round "4"]
[White "Dumitrache, Dragos"]
[Black "Videki, Sandor"]
[Result "1/2-1/2"]
[WhiteElo "2495"]
[BlackElo "2375"]

1.d4 d5 2.c4 c6 3.Nf3 Nf6 4.Qb3 dxc4 5.Qxc4 Bf5 6.g3 e6 7.Bg2 Nbd7 8.O-O Be7
9.e3 O-O 10.Qe2 Ne4 11.Nc3 Nxc3 12.bxc3 Be4 13.a4 c5 14.Ba3 Qc7 15.Nd2 Bxg2
16.Kxg2 Rfd8 17.Rfc1 Rac8 18.Kg1 Nf6 19.Qb5 a6 20.Qb2  1/2-1/2

[Event "Hastings Premier 9798"]
[Site "Hastings"]
[Date "1998.01.05"]
[Round "7"]
[White "Hebden, Mark"]
[Black "Rausis, Igors"]
[Result "1-0"]
[WhiteElo "2575"]
[BlackElo "2490"]

1.d4 d5 2.c4 dxc4 3.Nf3 c6 4.e3 Be6 5.Be2 Nf6 6.O-O b5 7.a4 Bd5 8.axb5 cxb5
9.Nc3 a6 10.b3 e6 11.bxc4 bxc4 12.Nd2 Be7 13.Nxc4 O-O 14.Nxd5 Nxd5 15.Bf3 Qc7
16.Qa4 Qc6 17.Qxc6 Nxc6 18.Bxd5 exd5 19.Nb6 Ra7 20.Nxd5 Bd6 21.Ba3 Bxa3 22.Rxa3 Rb8
23.h4 Kf8 24.Rc1 Ne7 25.Rc5 g6 26.g4 Nxd5 27.Rxd5 Rb2 28.Re5 Kg7 29.Rc5 Re7
30.Kg2 Re6 31.Kg3 Re2 32.Rb3 Ra2 33.g5 Re8 34.Rb7 a5 35.Ra7 a4 36.Rca5 Ra1
37.Rxa4 Rg1+ 38.Kh2 Rg4 39.d5 Rxa4 40.Rxa4 Rd8 41.e4  1-0

[Event "ISR-chT"]
[Site "Israel"]
[Date "1998.01.24"]
[Round "3"]
[White "Tsesarsky, Ilya"]
[Black "Rabinovich, Alexander"]
[Result "0-1"]
[WhiteElo "2425"]
[BlackElo "2425"]

1.Nf3 d5 2.d4 c6 3.c4 dxc4 4.e3 b5 5.a4 e6 6.Nc3 Bb4 7.Bd2 Qe7 8.Qb1 a6 9.axb5 Bxc3
10.bxc3 cxb5 11.Bc1 Bb7 12.Ba3 Qc7 13.Be2 Ne7 14.O-O O-O 15.Ng5 g6 16.Ne4 Rd8
17.Nc5 Nd5 18.Bxc4 Nxc3 19.Qc1 Nd5 20.Nxe6 fxe6 21.Bxd5 Qd7 22.Ba2 Bd5 23.Qd2 Nc6
24.Bb1 a5 25.Bb2 b4 26.Rc1 a4 27.e4 Bb3 28.d5 Rac8 29.Bd3 exd5 30.Bb5 a3
31.Bf6 Rf8 32.e5 d4 33.Bxc6 Rxc6 34.Rxc6 Qxc6 35.Qxb4 Qc3 36.Qxa3 d3 37.h4 Qxa1+
38.Qxa1 d2 39.Qa7 d1=Q+ 40.Kh2 Bf7 41.Qe3 Be6 42.f3 Ra8 43.h5 Qb1 44.Qc5 Qf5
45.Qe7 Qf4+  0-1

[Event "Europe vs Americas"]
[Site "Mermaid Beach"]
[Date "1998.02.04"]
[Round "10"]
[White "Ippolito, Dean"]
[Black "Mueller, Karsten"]
[Result "0-1"]
[WhiteElo "2435"]
[BlackElo "2515"]

1.d4 d5 2.Nf3 c6 3.c4 Nf6 4.Qb3 e6 5.g3 Qb6 6.Bg2 Qxb3 7.axb3 Nbd7 8.O-O b6
9.Nc3 Bb7 10.e4 Nxe4 11.Nxe4 dxe4 12.Ng5 Nf6 13.Nxe4 Nxe4 14.Bxe4 Bb4 15.Rd1 Ke7
16.Bg5+ Kd7 17.Bd2 Bxd2 18.Rxd2 a5 19.f4 g6 20.Kf2 Kc7 21.Bf3 Rhd8 22.Ke3 c5
23.Bxb7 Kxb7 24.Ke4 Rd7 25.Rad1 Rad8 26.d5 exd5+ 27.Rxd5 Re8+ 28.Kf3 Rxd5
29.Rxd5 Kc6 30.Rd2 f5 31.Rd3 Re4 32.h4 Rd4 33.Ke3 Rxd3+ 34.Kxd3 b5 35.Kc3 Kb6
36.Kc2 bxc4 37.bxc4 a4 38.Kd3 Ka5 39.Kc3 h5 40.b3 a3  0-1

[Event "Budapest FS02 IM"]
[Site "Budapest"]
[Date "1998.02.18"]
[Round "12"]
[White "Kerek, Csaba"]
[Black "Farago, Sandor"]
[Result "1/2-1/2"]
[WhiteElo "2380"]
[BlackElo "2285"]

1.d4 d5 2.Nf3 Nf6 3.c4 c6 4.g3 g6 5.Bg2 Bg7 6.cxd5 cxd5 7.O-O O-O 8.Nc3 Nc6
9.Ne5 e6 10.Bf4 Nxe5 11.Bxe5 Bd7 12.Qb3 Bc6 13.a4 a5 14.Rfc1 Ne8 15.Bxg7 Kxg7
16.e3 Nd6 17.Ne2 Ra6 18.Nf4 b5 19.axb5 Bxb5 20.Rc5 Qb6 21.Qc3 Bc4 22.e4 Nb5
23.Qd2 e5 24.Nxd5 Bxd5 25.Rxd5 Nxd4 26.Rxe5 Rc8 27.Rexa5 Rxa5 28.Qxa5 Rc1+
29.Bf1 Nf3+ 30.Kg2 Ne1+ 31.Kg1 Nf3+ 32.Kg2 Ne1+ 33.Kg1 Nf3+ 34.Kg2 Ne1+ 35.Kg1 Nf3+
36.Kg2 Ne1+ 37.Qxe1 Rxe1 38.Rxe1 Qxb2 39.Re3 Qd4 40.h4 f6 41.Be2 h5 42.Bf3 Kh6
43.Rb3 Qd6 44.Rb5 Qe6 45.Rc5 Qd6 46.Rc4 Qe6 47.Rc3 Qd6 48.Re3 Qe5 49.Kg1 Qa1+
50.Kg2 Qe5 51.Re2 Kg7 52.Kh2 Qc3 53.Bg2 Qd3 54.Rb2 g5 55.Rb7+ Kg6 56.hxg5  1/2-1/2

[Event "Belgrade (Women)"]
[Site "Belgrade"]
[Date "1998.03.05"]
[Round "2"]
[White "Vasilevich, Tatjana"]
[Black "Stefanova, Antoaneta"]
[Result "1/2-1/2"]
[WhiteElo "2410"]
[BlackElo "2480"]

1.d4 d5 2.c4 c6 3.Nf3 dxc4 4.a4 e6 5.e3 b5 6.b3 Bb4+ 7.Bd2 Bxd2+ 8.Qxd2 a5
9.bxc4 b4 10.c5 Nf6 11.Qc2 Nbd7 12.Nbd2 O-O 13.Bd3 Qc7 14.Nc4 Ba6 15.Nd6 Bxd3
16.Qxd3 Ne8 17.Nc4 Rd8 18.Qc2 Nef6 19.O-O h6 20.Rae1 Rfe8 21.e4 e5 22.Nfxe5 Nxe5
23.dxe5 Nd7 24.f4 Nxc5 25.Nd6 Qb6 26.Kh1 b3 27.Qc4 Re7 28.Rb1 Rb8 29.Rfc1 Ne6
30.Rc3 b2 31.f5 Nd4 32.f6 Re6 33.fxg7 Qb4 34.Qd3 c5 35.Nc4 Qxa4 36.h3 Rg6
37.Ra3 Qc2 38.Qxc2 Nxc2 39.Rxa5 Ne1 40.Rxb2 Rxb2 41.Nxb2 Rxg2 42.Nd3 Rd2
43.Nxe1 Rd1 44.Rxc5 Rxe1+ 45.Kg2 Rxe4 46.Kf3 Re1 47.Kf4  1/2-1/2

[Event "Belgrade (Women)"]
[Site "Belgrade"]
[Date "1998.03.09"]
[Round "6"]
[White "Zhukova, Natalia"]
[Black "Stefanova, Antoaneta"]
[Result "1/2-1/2"]
[WhiteElo "2395"]
[BlackElo "2480"]

1.d4 d5 2.Nf3 c6 3.c4 dxc4 4.e3 b5 5.a4 e6 6.axb5 cxb5 7.b3 Bb4+ 8.Bd2 Bxd2+
9.Nbxd2 a5 10.bxc4 b4 11.c5 Nf6 12.Bb5+ Bd7 13.Qa4 O-O 14.Ne5 Bxb5 15.Qxb5 Nd5
16.Ndc4 a4 17.O-O Ra6 18.Nd3 b3 19.Ndb2 Nc3 20.Qb4 Na2 21.Qa3 Nc3 22.Qb4 Na2
23.Qa3 Nc3 24.Qb4  1/2-1/2

[Event "AUT-chT2O 9798"]
[Site "Austria"]
[Date "1998.03.12"]
[Round "12"]
[White "Portisch, Ferenc"]
[Black "Schmidt, Peter"]
[Result "1/2-1/2"]
[WhiteElo "2365"]
[BlackElo "2410"]

1.d4 d5 2.c4 c6 3.Nf3 Nf6 4.Qc2 g6 5.Nc3 Bg7 6.e3 O-O 7.h3 Be6 8.Be2 h6 9.cxd5 cxd5
10.Ne5 Nfd7 11.f4 Nxe5 12.fxe5 Nc6 13.O-O Rc8 14.Bf3 Qd7 15.Bd2 Bf5 16.Qb3 e6
17.Ne2 g5  1/2-1/2

[Event "VISA GP"]
[Site "Reykjavik"]
[Date "1998.03.12"]
[Round "3"]
[White "Rausis, Igors"]
[Black "Gunnarsson, Jon Viktor"]
[Result "1-0"]
[WhiteElo "2520"]
[BlackElo "2390"]

1.d4 d5 2.c4 c6 3.Nf3 Nf6 4.Qc2 e6 5.g3 Nbd7 6.Bg2 Bd6 7.O-O O-O 8.Nbd2 b6
9.e4 dxe4 10.Nxe4 Nxe4 11.Qxe4 Bb7 12.Qc2 h6 13.Be3 c5 14.Ng5 hxg5 15.Bxb7 Rb8
16.Bg2 cxd4 17.Bxd4 Qe7 18.Rad1 Rfd8 19.b3 Bc5 20.Bc3 Nf6 21.Rd2 Nd7 22.Rfd1 Nf8
23.b4 Bd6 24.Qa4 Rbc8 25.Qb5 f6 26.a4 Qc7 27.c5 Be7 28.c6 Bd6 29.Qa6 Rb8
30.Qc4 Kf7 31.Bf3 Rbc8 32.Kg2 Be7 33.b5 Rxd2 34.Rxd2 Rd8 35.Rxd8 Bxd8 36.Bh5+ g6
37.Bf3 Nd7 38.Qd4 Ne5 39.Qe3 Nxf3 40.Qxf3 Qd6 41.Bb2 Qd5 42.Qxd5 exd5 43.Kf3 Ke6
44.h3 Be7 45.Bd4 Bc5 46.Ke3 Kd6 47.Kd3 Ke7 48.Bxf6+ Ke6 49.Bd4 Kd6 50.f3 Ke6
51.Be3 Bd6 52.g4 Be7 53.Bd2  1-0

[Event "Hampstead IM"]
[Site "Hampstead"]
[Date "1998.03.26"]
[Round "3"]
[White "Panczyk, Krzysztof"]
[Black "Vigus, James"]
[Result "0-1"]
[WhiteElo "2390"]
[BlackElo "2260"]

1.d4 d5 2.c4 c6 3.Nf3 Nf6 4.Qc2 dxc4 5.Qxc4 Bf5 6.g3 e6 7.Bg2 Nbd7 8.O-O Be7
9.Nc3 O-O 10.e3 b5 11.Qe2 b4 12.Na4 Be4 13.b3 Nb6 14.Nxb6 axb6 15.Ne5 Bxg2
16.Kxg2 Qd5+ 17.Qf3 Ne4 18.Bb2 f6 19.Nd3 Bd6 20.Rfc1 Ra5 21.Rc4 f5 22.Rac1 g5
23.h3 h5 24.Qxh5 Ra7 25.Rxc6 g4 26.Nf4 Bxf4 27.Qg6+ Rg7 28.Qxe6+ Qxe6 29.Rxe6 gxh3+
30.Kg1 Ng5 31.Rxb6 Nf3+ 32.Kh1 Bxe3 33.Rf1 Bxf2 34.Rxf2 Rxg3 35.Rf1 h2 36.Rxf3 Rxf3
37.Rg6+ Kf7 38.Rg2 Rh8  0-1

[Event "JUG-ch53"]
[Site "Belgrade "]
[Date "1998.03.27"]
[Round "13"]
[White "Djuric, Stefan"]
[Black "Ivanisevic, Ivan"]
[Result "1/2-1/2"]
[WhiteElo "2520"]
[BlackElo "2460"]

1.d4 d5 2.Nf3 Nf6 3.c4 c6 4.Qc2 g6 5.Bf4 Na6 6.cxd5 Nxd5 7.Bd2 Bg7 8.a3 Bg4
9.Ne5 Be6 10.e3 c5 11.Bb5+ Kf8 12.Bxa6 bxa6 13.e4 cxd4 14.exd5 Qxd5 15.Nf3 Rc8
16.Qd1 Qe4+ 17.Kf1 Qd3+ 18.Kg1 Qc2 19.Nc3 dxc3 20.Qxc2 cxb2 21.Qxc8+ Bxc8
22.Rd1 Bf5 23.Bc1 bxc1=Q 24.Rxc1 Bb2 25.Rc7 Bxa3 26.Rxa7 Kg7 27.Rxa6 Rb8
28.g4 Bxg4 29.Rxa3 Rb1+ 30.Kg2 Bh3+ 31.Kxh3 Rxh1 32.Re3 e6 33.Ra3 Kf6 34.Ra7 h6
35.Kg2 Rd1 36.h3 Rd5 37.Nh2 h5 38.Nf3 g5 39.h4 gxh4 40.Nxh4 Rd4 41.Kg3 Rg4+
42.Kh3 Rf4 43.Ra2 Kg5 44.Ng2 Rf3+ 45.Kh2 e5 46.Re2 f5 47.Ne1 Rf4 48.Ng2 Rf3
49.Ne1 Rf4 50.Rxe5 Rxf2+ 51.Kg3 Ra2 52.Nf3+ Kf6 53.Rd5 Ke6 54.Rb5 Ra4 55.Rb6+ Kd5
56.Rh6 Rg4+ 57.Kf2 Ra4 58.Rxh5 Ke4 59.Nd2+ Kd3 60.Nf1 Rf4+ 61.Kg2 Ke4 62.Nh2 Ke3
63.Nf1+ Ke4 64.Ng3+ Ke5 65.Rg5 Kf6 66.Rg8 Rg4 67.Rf8+ Ke6 68.Kf3 Rg5 69.Ne2 Rg4
70.Nf4+ Ke5 71.Re8+ Kd4 72.Ne2+ Kd5 73.Ng3 Rg5 74.Nf1 Kd4 75.Kf4 Rg4+ 76.Kxf5 Rg2
77.Rd8+ Kc5 78.Ne3 Re2 79.Ke4 Kc6 80.Rh8 Kc5 81.Rh6 Rf2 82.Rh5+ Kc6 83.Nc4 Rg2
84.Ne5+ Kd6 85.Rh6+ Kc5 86.Rc6+ Kb5 87.Rc1 Re2+ 88.Kd4 Rd2+ 89.Nd3 Kb6 90.Rc3 Rd1
91.Kd5 Rd2 92.Kd6 Kb5 93.Kc7 Rh2 94.Rc5+ Ka4 95.Rc6 Kb5 96.Rc1 Rh6 97.Ne5 Kb4
98.Nc6+ Kb5 99.Rb1+ Kc5 100.Rc1+ Kb5 101.Na7+ Kb4 102.Nc8 Rh7+ 103.Kc6 Rh6+
104.Nd6 Rg6 105.Kd5 Rh6 106.Ne4 Kb3 107.Kd4 Rh4 108.Rc8 Kb2 109.Rg8 Kb3 110.Rg1 Kc2
111.Rg3 Kb2 112.Re3 Rh2 113.Kc4 Rc2+ 114.Nc3 Rh2 115.Nb5 Rc2+ 116.Nc3 Rh2
117.Ne2 Kc2 118.Nd4+ Kb2 119.Rg3 Rh4 120.Rg2+ Kc1 121.Rf2 Kd1 122.Kd3 Ke1
123.Rf3 Rh1 124.Nc2+ Kd1 125.Re3 Kc1 126.Kc3  1/2-1/2

[Event "Vecernjakov GP"]
[Site "Sarajevo"]
[Date "1998.04.02"]
[Round "3"]
[White "Kurajica, Bojan"]
[Black "Glavas, Dragan"]
[Result "1-0"]
[WhiteElo "2580"]
[BlackElo "2300"]

1.d4 d5 2.c4 c6 3.Nf3 Nf6 4.Nbd2 Nbd7 5.g3 Qa5 6.e3 dxc4 7.Bxc4 Nb6 8.Be2 Bh3
9.Bf1 Bf5 10.Bg2 Qa6 11.Ne5 Nfd7 12.Nxd7 Bxd7 13.Nb3 e5 14.dxe5 Rd8 15.Bd2 Be6
16.Nd4 Nc4 17.Qe2 Bd5 18.Bxd5 Rxd5 19.Bc3 b5 20.O-O Qc8 21.a4 Nxe5 22.e4 Rd8
23.axb5 c5 24.Nf5 f6 25.Bxe5 fxe5 26.Rxa7 Rd7 27.Rfa1 Rxa7 28.Rxa7 g6 29.Qc4 gxf5
30.Qf7+ Kd8 31.Qf6+ Ke8 32.Qxe5+  1-0

[Event "FRA-chT"]
[Site "FRA"]
[Date "1998.04.03"]
[Round "5"]
[White "Rausis, Igors"]
[Black "Stromer, Alexander"]
[Result "1-0"]
[WhiteElo "2520"]
[BlackElo "2300"]

1.Nf3 d5 2.d4 c6 3.c4 Nf6 4.Qc2 e6 5.Nbd2 Nbd7 6.g3 Bd6 7.Bg2 O-O 8.O-O Re8
9.Rd1 Qe7 10.Nh4 c5 11.cxd5 cxd4 12.dxe6 Qxe6 13.Nb3 Qxe2 14.Qxe2 Rxe2 15.Nxd4 Re8
16.Nb5 Bb8 17.Nf5 Ne4 18.Be3 Ndf6 19.Nfd6 Bxd6 20.Nxd6 Nxd6 21.Rxd6 a5 22.Rc1 Be6
23.a3 Rad8 24.Rcd1 Rxd6 25.Rxd6 Ng4 26.Bd4 Bc4 27.Bc3 h5 28.Bxa5 Re2 29.Bf1 Rc2
30.Rd8+ Kh7 31.Rc8 Ne5 32.Rxc4 Rxc4 33.Bxc4 Nxc4 34.Bc3 b5 35.Kg2 Kg6 36.Kf3 Kf5
37.h3 g6 38.g4+ hxg4+ 39.hxg4+ Ke6 40.Ke4 f5+ 41.gxf5+ gxf5+ 42.Kd4 Nd6 43.f3 f4
44.Bd2 Kf5 45.Kc5 Nc4 46.Bc3 Ne3 47.Kxb5 Ng2 48.a4 Ke6 49.Kc6 Nh4 50.a5 Nxf3
51.a6  1-0

[Event "CZE-chT 9798"]
[Site "CZE"]
[Date "1998.04.05"]
[Round "11"]
[White "Chloupek, Stanislav"]
[Black "Trefny, Vlastimil"]
[Result "1-0"]
[WhiteElo "2355"]
[BlackElo "2250"]

1.Nf3 d5 2.d4 Nf6 3.c4 c6 4.Qb3 g6 5.g3 Bg7 6.Bg2 O-O 7.O-O Nbd7 8.Nc3 dxc4
9.Qxc4 Nb6 10.Qd3 Re8 11.Rd1 Nfd5 12.e4 Nxc3 13.bxc3 Bg4 14.a4 a5 15.Be3 e5
16.h3 Bxf3 17.Bxf3 exd4 18.cxd4 c5 19.e5 Nd5 20.Bxd5 Qxd5 21.dxc5 Qxd3 22.Rxd3 Bxe5
23.Rb1 Re7 24.Rdb3 h5 25.Rxb7 Bc7 26.Bg5 Rd7 27.c6 Rd5 28.Bf6  1-0

[Event "Dreifluesse op"]
[Site "Passau"]
[Date "1998.04.10"]
[Round "1"]
[White "Assmann, Thomas"]
[Black "Jehnichen, Guenther"]
[Result "1-0"]
[WhiteElo "2345"]
[BlackElo "1922"]

1.d4 Nf6 2.Nf3 d5 3.c4 c6 4.Qc2 e6 5.Bg5 Be7 6.e3 Nbd7 7.Nc3 O-O 8.cxd5 exd5
9.Bd3 Re8 10.O-O Nf8 11.h3 N6d7 12.Bxe7 Qxe7 13.Rab1 Ng6 14.b4 a6 15.a4 Ndf8
16.Ne2 Qf6 17.Ng3 Bd7 18.b5 axb5 19.axb5 Rec8 20.bxc6 bxc6 21.Rfc1 Ra3 22.Bf5 Qd6
23.Rb7 Ra5 24.Bxd7 Nxd7 25.Nf5 Qe6 26.Ng5 Qf6 27.Nxh7 Kxh7 28.Rxd7 Rca8 29.Rd6 Qg5
30.Ng3 c5 31.dxc5 Ra2 32.Qf5  1-0

[Event "Dreifluesse op"]
[Site "Passau"]
[Date "1998.04.10"]
[Round "1"]
[White "Hiermann, Dietmar"]
[Black "Kiefel, Alfred"]
[Result "1-0"]
[WhiteElo "2140"]
[BlackElo "1729"]

1.d4 d5 2.c4 dxc4 3.Nf3 c6 4.e4 b5 5.a4 Bb7 6.b3 cxb3 7.axb5 e6 8.Qxb3 Nf6
9.Nc3 Be7 10.Bc4 O-O 11.bxc6 Bxc6 12.d5 exd5 13.exd5 Bd7 14.Bf4 Ne8 15.O-O Nd6
16.Bxd6 Bxd6 17.Ne4 Bg4 18.Qb7 Bxf3 19.gxf3 Nd7 20.Rxa7 Rxa7 21.Qxa7 Bb8
22.Qa3 Qc7 23.Rc1 Qxh2+ 24.Kf1 Qh3+ 25.Ke2 Re8 26.Qa4 Nf6 27.Bb5 Rc8 28.Nxf6+ gxf6
29.Bd7 Qxd7 30.Rg1+  1-0

[Event "Zepter op"]
[Site "Minsk"]
[Date "1998.04.25"]
[Round "1"]
[White "Popov, Valerij"]
[Black "Montavon, Gerard"]
[Result "1-0"]
[WhiteElo "2505"]
[BlackElo "2080"]

1.d4 d5 2.c4 dxc4 3.Nf3 c6 4.e3 b5 5.a4 Qb6 6.axb5 cxb5 7.b3 cxb3 8.Ne5 f6
9.Qh5+ g6 10.Nxg6 hxg6 11.Qxh8 Nh6 12.Bd3 Bf5 13.Bxf5 gxf5 14.Nd2 Qc6 15.O-O Kf7
16.e4 Nd7 17.Nxb3 Bg7 18.d5 Qb7 19.Na5 Rxh8 20.Nxb7 fxe4 21.Rxa7 f5 22.Nd6+ exd6
23.Rxd7+ Kg8 24.Bf4 Be5 25.Bxe5 dxe5 26.Rc1 Nf7 27.Rc8+  1-0

[Event "Zepter op"]
[Site "Minsk"]
[Date "1998.04.30"]
[Round "6"]
[White "Neverov, Valeriy"]
[Black "Gagarin, Vasilij"]
[Result "1-0"]
[WhiteElo "2540"]
[BlackElo "2415"]

1.d4 d5 2.c4 c6 3.Nf3 Nf6 4.Qc2 dxc4 5.Qxc4 Bf5 6.g3 e6 7.Bg2 Nbd7 8.Nc3 Be7
9.O-O O-O 10.Bg5 h6 11.Bxf6 Bxf6 12.Rfd1 Qb6 13.Rd2 Rfd8 14.Rad1 Rac8 15.h3 e5
16.e3 Be6 17.Qa4 exd4 18.Nxd4 Nf8 19.Qa3 Rd7 20.Na4 Qa5 21.b4 Be7 22.bxa5 Bxa3
23.Rd3 Be7 24.a6 b5 25.Nb6 axb6 26.Nxc6 Rdc7 27.a7 Bc4 28.Nxe7+ Rxe7 29.Ra3 Ne6
30.a8=Q Rxa8 31.Rxa8+ Kh7 32.Bd5 Nc7 33.Bxc4 Nxa8 34.Bxb5 Nc7 35.Bc4 b5 36.Bb3 g6
37.Rd6 Kg7 38.Kf1 Ne8 39.Rb6 Re5 40.Ke2 g5 41.f4 gxf4 42.gxf4 Rh5 43.Kd3 Rf5
44.Kd4 Rh5 45.e4 Rh4 46.Ke5 f6+ 47.Kf5 Kf8 48.Bd5 Ng7+ 49.Kxf6 Rxf4+ 50.Ke5 Rh4
51.Rb8+  1-0

[Event "SJRP-ch U17"]
[Site "Sargenroth"]
[Date "1998.04.??"]
[Round "2"]
[White "Baum, Christian"]
[Black "Schenderowitsch, Michael"]
[Result "1/2-1/2"]
[WhiteElo "1920"]
[BlackElo "1985"]

1.Nf3 Nf6 2.d4 d5 3.c4 c6 4.Qc2 e6 5.Nc3 Be7 6.e3 O-O 7.Bd3 Nbd7 8.O-O b6
9.Rd1 Bb7 10.cxd5 cxd5 11.Bd2 a6  1/2-1/2

[Event "Neubrandenburg op"]
[Site "Neubrandenburg"]
[Date "1998.05.09"]
[Round "5"]
[White "Levin, Felix"]
[Black "Hennings, Artur"]
[Result "1-0"]
[WhiteElo "2475"]
[BlackElo "2320"]

1.d4 d5 2.c4 c6 3.Nf3 Nf6 4.Qc2 e6 5.g3 Nbd7 6.Bg2 Bd6 7.Nbd2 O-O 8.O-O Re8
9.b3 Qe7 10.e4 dxe4 11.Nxe4 Nxe4 12.Qxe4 Nf8 13.Bb2 f6 14.c5 Bc7 15.Rfe1 Qf7
16.Bc3 Ng6 17.Bf1 Bd7 18.Bd3 Nf8 19.Bc4 Kh8 20.b4 Qh5 21.Re3 a5 22.bxa5 Bxa5
23.Bxa5 Rxa5 24.Rb1 Ra4 25.Qc2 Ra7 26.Rbe1 Rea8 27.Nd2 h6 28.Ne4 Be8 29.Nd6 Bg6
30.Qc3 Bf5 31.h4 Bh7 32.Kg2 Bg8 33.Rb1 Ng6 34.Rxb7 Rxb7 35.Nxb7 Ne7 36.Re1 Qg4
37.Nd6 Nd5 38.Qd2 Ra3 39.Bb3 e5 40.dxe5 fxe5 41.Rxe5 Be6 42.Kg1 Qh3 43.Qe2 Nf4
44.gxf4 Bxb3 45.Re3 Bd5  1-0

[Event "Villa Martelli"]
[Site "Villa Martelli"]
[Date "1998.05.24"]
[Round "6"]
[White "Vescovi, Giovanni"]
[Black "Rojas, Luis"]
[Result "1/2-1/2"]
[WhiteElo "2480"]
[BlackElo "2455"]

1.d4 d5 2.c4 c6 3.Nf3 dxc4 4.e3 b5 5.a4 e6 6.axb5 cxb5 7.b3 Bb4+ 8.Bd2 Bxd2+
9.Nbxd2 a5 10.bxc4 b4 11.Bd3 Nf6 12.Ne5 O-O 13.O-O Bb7 14.f4 Nc6 15.Ndf3 Ra7
16.Bc2 Nxe5 17.fxe5 Ne4 18.Qd3 g6 19.Nd2 Nc3 20.Rf6 a4 21.h4 a3 22.h5 Qe7
23.Qf1 Kg7 24.Kh2 Bc6 25.Qf4 Ba4 26.Bd3 b3 27.Kg3 b2 28.Rh1 Rh8 29.Qh4 Be8
30.hxg6 fxg6 31.Bxg6 Kg8 32.Bxe8 Qxe8 33.Rhf1 a2 34.Rf8+ Qxf8 35.Rxf8+ Kxf8
36.Qd8+ Kg7 37.Qf6+ Kg8 38.Qd8+  1/2-1/2

[Event "White Nights op"]
[Site "St Petersburg"]
[Date "1998.06.22"]
[Round "3"]
[White "Rakitskaja, M."]
[Black "Ljavdansky, Vladimir"]
[Result "0-1"]
[WhiteElo "2160"]
[BlackElo "2320"]

1.d4 d5 2.c4 c6 3.Nf3 Nf6 4.g3 Bf5 5.Bg2 e6 6.O-O Be7 7.Nc3 Nbd7 8.b3 Ne4
9.Bb2 Qa5 10.Qc1 O-O 11.Nxe4 Bxe4 12.Nd2 Bxg2 13.Kxg2 Rac8 14.Bc3 Qa6 15.e4 c5
16.exd5 exd5 17.Qd1 Bf6 18.cxd5 cxd4 19.Bb4 Rfe8 20.Re1 Qb5 21.Ba3 Rxe1 22.Qxe1 d3
23.Rc1 Qxd5+ 24.Kg1 Rxc1 25.Qxc1 h5 26.h4 Bd4 27.Nf1 Ne5 28.Qc8+ Kh7 29.Qf5+ g6
30.Qf4 Ng4  0-1

[Event "SVK-ch"]
[Site "Prievidza"]
[Date "1998.06.29"]
[Round "3.42"]
[White "Rachela, Milan"]
[Black "Gajdosik, Vladislav"]
[Result "1-0"]
[WhiteElo "2075"]
[BlackElo "1920"]

1.d4 Nf6 2.c4 c6 3.Nf3 d5 4.Qc2 g6 5.e3 Bf5 6.Bd3 Bxd3 7.Qxd3 Bg7 8.O-O O-O
9.Nc3 Nbd7 10.e4 dxe4 11.Nxe4 Nxe4 12.Qxe4 Re8 13.Ne5 f5 14.Qe2 Nxe5 15.dxe5 Qd4
16.Re1 Rad8 17.Bg5 h6 18.Rad1 Qc5 19.Bd2 b5 20.cxb5 Qxb5 21.Qxb5 cxb5 22.Bc3 e6
23.Kf1 Kf7 24.Ke2 Bf8 25.Ba5 Rc8 26.Rc1 Bc5 27.Red1 Ke7 28.Rxc5 Rxc5 29.Bb4 Rc8
30.Rc1 Kd7 31.Rxc5 Rxc5 32.Bxc5 a5 33.Kd3 Kc6 34.Kd4 b4 35.Kc4  1-0

[Event "RUS-Cup06"]
[Site "Nizhnij Novgorod"]
[Date "1998.07.05"]
[Round "7"]
[White "Rashkovsky, Nukhim N"]
[Black "Yagupov, Igor"]
[Result "1/2-1/2"]
[WhiteElo "2505"]
[BlackElo "2450"]

1.d4 d5 2.c4 c6 3.Nf3 Nf6 4.Qb3 dxc4 5.Qxc4 Bf5 6.g3 e6 7.Bg2 Nbd7 8.O-O Be7
9.Nc3 O-O 10.e3 Ne4 11.Qe2 Nxc3 12.bxc3 Be4 13.Ne1 Bxg2 14.Nxg2 Qa5 15.Bd2 c5
16.Rfb1 b6 17.a4 Rfc8 18.Nf4 Bd6 19.Qb5 Qxb5 20.axb5 Bxf4 21.gxf4 f5 22.Ra6 Nf6
23.Rba1 cxd4 24.cxd4 Nd5 25.Kf1 Rc2 26.Ke2 Rb2 27.Rxa7 Rxa7 28.Rxa7 Rxb5
29.f3 Rb3 30.e4  1/2-1/2

[Event "SVK-ch"]
[Site "Prievidza"]
[Date "1998.07.05"]
[Round "9.12"]
[White "Lisko, Frantisek"]
[Black "Kovacik, Emil"]
[Result "1-0"]
[WhiteElo "2315"]
[BlackElo "2133"]

1.d4 d5 2.c4 c6 3.Nf3 Nf6 4.Qb3 dxc4 5.Qxc4 e6 6.g3 b6 7.Bg2 Bb7 8.Ne5 Nfd7
9.Nd3 b5 10.Qc3 Na6 11.O-O Rc8 12.b3 Be7 13.a4 O-O 14.Bb2 Bf6 15.Nd2 bxa4
16.bxa4 Nb6 17.Ne4 Nd5 18.Nxf6+ Qxf6 19.Qd2 Rfd8 20.Rfc1 Qe7 21.Ba3 Qf6 22.Rab1 Ba8
23.Qa5 Ndc7 24.Bxc6 Bxc6 25.Rxc6 Qxd4 26.Rbc1 Qe4 27.Bd6 Qxe2 28.Nf4 Qf3
29.Bxc7 Nxc7 30.Rxc7 Rb8 31.Qh5  1-0

[Event "RUS-Cup06"]
[Site "Nizhnij Novgorod"]
[Date "1998.07.07"]
[Round "9"]
[White "Rashkovsky, Nukhim N"]
[Black "Skatchkov, Pavel"]
[Result "1-0"]
[WhiteElo "2505"]
[BlackElo "2415"]

1.d4 d5 2.c4 c6 3.Nf3 Nf6 4.Qb3 e6 5.g3 Bd6 6.Bg2 Nbd7 7.O-O O-O 8.Bf4 Qc7
9.Bxd6 Qxd6 10.Nc3 b6 11.Rfd1 Ba6 12.Nd2 Rac8 13.e4 dxc4 14.Nxc4 Bxc4 15.Qxc4 e5
16.f4 b5 17.fxe5 Nxe5 18.Qe2 Nfg4 19.h3  1-0